000 00533nam a2200181Ia 4500
008 100920s9999 xx 000 0 und d
082 _b8958
_a891.43 थ 32
100 _aप्रेमचंद.
245 _aकर्मभूमि.
260 _bहंस प्रकाशन,इलाहाबाद.
_c1932
300 _a412
_bसाधी
365 _b6
520 _aहिंदी.
630 _aकर्मभूमि.
650 _aहिंदी.
730 _aकर्मभूमि.
942 _cBOOK
999 _c676102
_d676099